Einführung in die Metaanalyse
| Authors: | ; |
|---|---|
| Format: | Print Book |
| Language: | German |
| Published: |
Bern Stuttgart [u.a.]
Huber
1985
|
| In: |
Methoden der Psychologie (3)
Year: 1985 |
| Edition: | 1. Aufl. |
| Online Access: |
Table of Contents |
| Availability in Tübingen: | Present in Tübingen. IFK: N III 160 |
| Check availability: | HBZ Gateway |
| Subito Delivery Service: | Order now. |
| Keywords: |
MARC
| LEADER | 00000cam a2200000 c 4500 | ||
|---|---|---|---|
| 001 | 272841269 | ||
| 003 | DE-627 | ||
| 005 | 20260206195956.0 | ||
| 007 | tu | ||
| 008 | 850101s1985 sz ||||| 00| ||ger c | ||
| 015 | |a 85,N09,0029 |2 dnb | ||
| 015 | |a 85,A30,0136 |2 dnb | ||
| 016 | 7 | |a 850225825 |2 DE-101 | |
| 020 | |a 3456813287 |9 3-456-81328-7 | ||
| 035 | |a (DE-627)272841269 | ||
| 035 | |a (DE-603)027801160 | ||
| 035 | |a (DE-576)009745831 | ||
| 035 | |a (DE-599)GBV272841269 | ||
| 035 | |a (OCoLC)246823569 | ||
| 035 | |a (OCoLC)14538177 | ||
| 035 | |a (OCoLC)246823569 | ||
| 035 | |a (OCoLC)14538177 | ||
| 035 | |a (DE-604)8003451003 | ||
| 040 | |a DE-627 |b ger |c DE-627 |e rakwb | ||
| 041 | |a ger | ||
| 044 | |c XA-CH |c XA-DE |c XD-CA | ||
| 082 | 0 | |a 001.422 |q OCLC | |
| 084 | |a 11 |a 15 |2 sdnb | ||
| 084 | |a CM 3000 |2 rvk |0 (DE-625)rvk/18945: | ||
| 084 | |a CM 3500 |2 rvk |0 (DE-625)rvk/18949: | ||
| 084 | |a CM 4000 |2 rvk |0 (DE-625)rvk/18951: | ||
| 084 | |a CM 2200 |2 rvk |0 (DE-625)rvk/18943: | ||
| 084 | |a CM 3400 |2 rvk |0 (DE-625)rvk/18948: | ||
| 084 | |a 77.03 |2 bkl | ||
| 100 | 1 | |8 1\p |a Fricke, Reiner |d 1940- |0 (DE-588)140501606 |0 (DE-627)618906304 |0 (DE-576)31854749X |4 aut | |
| 109 | |a Fricke, Reiner 1940- |a Fricke, Rainer 1940- |a Fricke, R. 1940- | ||
| 245 | 1 | 0 | |a Einführung in die Metaanalyse |c Reiner Fricke und Gerhard Treinies |
| 250 | |a 1. Aufl. | ||
| 264 | 1 | |a Bern |a Stuttgart [u.a.] |b Huber |c 1985 | |
| 300 | |a 192 S. |b Ill., graph. Darst. | ||
| 336 | |a Text |b txt |2 rdacontent | ||
| 337 | |a ohne Hilfsmittel zu benutzen |b n |2 rdamedia | ||
| 338 | |a Band |b nc |2 rdacarrier | ||
| 490 | 1 | |a Methoden der Psychologie |v 3 | |
| 500 | |a Literaturverzeichnis Seite 175 - 190 | ||
| 505 | 8 | |a Literaturverz. S. 175 - 190 | |
| 583 | 1 | |a Archivierung/Langzeitarchivierung gewährleistet |f PEBW |x XA-DE-BW |2 pdager |5 DE-24 | |
| 650 | 0 | 7 | |0 (DE-588)4169552-5 |0 (DE-627)105409197 |0 (DE-576)209923598 |a Metaanalyse |2 gnd |
| 650 | 0 | 7 | |0 (DE-588)4116599-8 |0 (DE-627)105805556 |0 (DE-576)209502908 |a Statistische Analyse |2 gnd |
| 650 | 0 | 7 | |0 (DE-588)4055916-6 |0 (DE-627)106156411 |0 (DE-576)209115904 |a Sozialwissenschaften |2 gnd |
| 650 | 4 | |a Statistische Methodenlehre | |
| 650 | 4 | |a Psychologische Forschung | |
| 650 | 4 | |a Gültigkeit | |
| 650 | 4 | |a Analyse, Bewertung, Schätzung, Validität | |
| 655 | 7 | |a Einführung |0 (DE-588)4151278-9 |0 (DE-627)104450460 |0 (DE-576)209786884 |2 gnd-content | |
| 689 | 0 | 0 | |d s |0 (DE-588)4169552-5 |0 (DE-627)105409197 |0 (DE-576)209923598 |a Metaanalyse |2 gnd |
| 689 | 0 | 1 | |d s |0 (DE-588)4047704-6 |0 (DE-627)106193821 |0 (DE-576)209074426 |a Psychologie |2 gnd |
| 689 | 0 | |5 (DE-627) | |
| 689 | 1 | 0 | |d s |0 (DE-588)4169552-5 |0 (DE-627)105409197 |0 (DE-576)209923598 |a Metaanalyse |2 gnd |
| 689 | 1 | |5 (DE-627) | |
| 689 | 2 | 0 | |d s |0 (DE-588)4056995-0 |0 (DE-627)106152955 |0 (DE-576)209119799 |a Statistik |2 gnd |
| 689 | 2 | 1 | |d s |0 (DE-588)4047704-6 |0 (DE-627)106193821 |0 (DE-576)209074426 |a Psychologie |2 gnd |
| 689 | 2 | 2 | |d s |0 (DE-588)4169552-5 |0 (DE-627)105409197 |0 (DE-576)209923598 |a Metaanalyse |2 gnd |
| 689 | 2 | |5 (DE-627) | |
| 689 | 3 | 0 | |d s |0 (DE-588)4047704-6 |0 (DE-627)106193821 |0 (DE-576)209074426 |a Psychologie |2 gnd |
| 689 | 3 | 1 | |d s |0 (DE-588)4038971-6 |0 (DE-627)106230158 |0 (DE-576)209032642 |a Methode |2 gnd |
| 689 | 3 | 2 | |d s |0 (DE-588)4169552-5 |0 (DE-627)105409197 |0 (DE-576)209923598 |a Metaanalyse |2 gnd |
| 689 | 3 | |5 (DE-627) | |
| 689 | 4 | 0 | |d s |0 (DE-588)4169552-5 |0 (DE-627)105409197 |0 (DE-576)209923598 |a Metaanalyse |2 gnd |
| 689 | 4 | |5 (DE-627) | |
| 689 | 5 | 0 | |d s |0 (DE-588)4047704-6 |0 (DE-627)106193821 |0 (DE-576)209074426 |a Psychologie |2 gnd |
| 689 | 5 | 1 | |d s |0 (DE-588)4116599-8 |0 (DE-627)105805556 |0 (DE-576)209502908 |a Statistische Analyse |2 gnd |
| 689 | 5 | |5 (DE-627) | |
| 689 | 6 | 0 | |d s |0 (DE-588)4169552-5 |0 (DE-627)105409197 |0 (DE-576)209923598 |a Metaanalyse |2 gnd |
| 689 | 6 | 1 | |d s |0 (DE-588)4038971-6 |0 (DE-627)106230158 |0 (DE-576)209032642 |a Methode |2 gnd |
| 689 | 6 | 2 | |d s |0 (DE-588)4055916-6 |0 (DE-627)106156411 |0 (DE-576)209115904 |a Sozialwissenschaften |2 gnd |
| 689 | 6 | |5 (DE-627) | |
| 689 | 7 | 0 | |d s |0 (DE-588)4169552-5 |0 (DE-627)105409197 |0 (DE-576)209923598 |a Metaanalyse |2 gnd |
| 689 | 7 | |5 (DE-627) | |
| 700 | 1 | |a Treinies, Gerhard |4 aut | |
| 830 | 0 | |a Methoden der Psychologie |v 3 |9 301 |w (DE-627)130297585 |w (DE-576)009116907 |w (DE-600)579682-9 |7 am | |
| 856 | 4 | 2 | |u http://scans.hebis.de/HEBCGI/show.pl?02780116_toc.pdf |m V:DE-603;B:DE-17 |q application/pdf |3 Inhaltsverzeichnis |7 1 |
| 883 | |8 1\p |a cgwrk |d 20241001 |q DE-101 |u https://d-nb.info/provenance/plan#cgwrk | ||
| 889 | |w (DE-627)027401928 | ||
| 935 | |i mdedup | ||
| 935 | |i Blocktest | ||
| 936 | r | v | |a CM 3000 |b Methoden der Psychologie (Testtheorie, Skalierung, Faktorenanalyse u.ä.) |k Psychologie |k Allgemeines. Geschichte und Methodik |k Methoden der Psychologie (Testtheorie, Skalierung, Faktorenanalyse u.ä.) |0 (DE-627)127150832X |0 (DE-625)rvk/18945: |0 (DE-576)20150832X |
| 936 | r | v | |a CM 3500 |b Experimentelle Methodik (Praktika, Stichprobentheorie, Versuchsplanung) |k Psychologie |k Allgemeines. Geschichte und Methodik |k Experimentelle Methodik (Praktika, Stichprobentheorie, Versuchsplanung) |0 (DE-627)1271517477 |0 (DE-625)rvk/18949: |0 (DE-576)201517477 |
| 936 | r | v | |a CM 4000 |b Statistik |k Psychologie |k Allgemeines. Geschichte und Methodik |k Statistik |0 (DE-627)127151964X |0 (DE-625)rvk/18951: |0 (DE-576)20151964X |
| 936 | r | v | |a CM 2200 |b Methodik und Wissenschaftstheorie der Psychologie |k Psychologie |k Allgemeines. Geschichte und Methodik |k Methodik und Wissenschaftstheorie der Psychologie |0 (DE-627)1271484781 |0 (DE-625)rvk/18943: |0 (DE-576)201484781 |
| 936 | r | v | |a CM 3400 |b Metaanalyse |k Psychologie |k Allgemeines. Geschichte und Methodik |k Metaanalyse |0 (DE-627)1272088316 |0 (DE-625)rvk/18948: |0 (DE-576)202088316 |
| 936 | b | k | |a 77.03 |j Methoden und Techniken der Psychologie |0 (DE-627)106418386 |
| 936 | s | n | |a c200 |2 mzub |
| 936 | s | n | |a s100 |2 mzub |
| 951 | |a BO | ||
| ELC | |b 1 | ||
| LOK | |0 000 xxxxxcx a22 zn 4500 | ||
| LOK | |0 001 3203204622 | ||
| LOK | |0 003 DE-627 | ||
| LOK | |0 004 272841269 | ||
| LOK | |0 005 20020607000000 | ||
| LOK | |0 008 930128||||||||||||||||ger||||||| | ||
| LOK | |0 040 |a DE-21-110 |c DE-627 |d DE-21-110 | ||
| LOK | |0 852 |a DE-21-110 | ||
| LOK | |0 852 1 |c N III 160 |m p |9 00 | ||
| LOK | |0 935 |a k110 | ||
| LOK | |0 936ln |a 8.7.5 | ||
| LOK | |0 938 |k p | ||
| LOK | |0 939 |a 28-01-93 |b l01 | ||
| ORI | |a SA-MARC-krimdoka001.raw | ||
| SIG | |a IFK: N III 160 | ||
